| 000 | 00666nam a2200205 u 4500 | ||
|---|---|---|---|
| 005 | 20230204063929.0 | ||
| 008 | 170607s2009 r 000 0 eng d | ||
| 035 | _aUPN01000218401 | ||
| 049 | _aCG | ||
| 050 | 4 |
_aLB1050.45 _bL4.5 |
|
| 245 | 0 | 0 |
_aLectura comprensiva y recreación literaria : _bmodulo III : La escritura / _ccoord. Juan Antonio Castañeda Arellano. |
| 260 |
_aZapopan, Jal. : _bUPN, _c2009. |
||
| 300 |
_a158 p. : _bil., cuadros |
||
| 500 | _aDiplomado | ||
| 650 | 4 |
_aComprensión lectora _91537 |
|
| 650 | 4 |
_aLectura _xEstudio y enseñanza _96274 |
|
| 700 | 1 |
_aCastañeda Arellano, Juan Antonio, _ecoord. |
|
| 905 | _aLibro | ||
| 999 |
_c190501 _d190501 |
||